Learning about Measurement / (Record no. 180860)
[ view plain ]
| 000 -LEADER | |
|---|---|
| fixed length control field | 00770 a2200181 4500 |
| 003 - CONTROL NUMBER IDENTIFIER | |
| control field | Nust |
| 005 - DATE AND TIME OF LATEST TRANSACTION | |
| control field | 20230712095417.0 |
| 040 ## - CATALOGING SOURCE | |
| Transcribing agency | Nust |
| 082 ## - DEWEY DECIMAL CLASSIFICATION NUMBER | |
| Classification number | 530.16,HOR |
| 100 ## - MAIN ENTRY--PERSONAL NAME | |
| Personal name | Horne, Sylvia |
| 9 (RLIN) | 113552 |
| 245 ## - TITLE STATEMENT | |
| Title | Learning about Measurement / |
| Statement of responsibility, etc. | Sylvia Horn |
| 250 ## - EDITION STATEMENT | |
| Edition statement | Teachers manual |
| 260 ## - PUBLICATION, DISTRIBUTION, ETC. | |
| Place of publication, distribution, etc. | Calfornia |
| Name of publisher, distributor, etc. | State Series |
| Date of publication, distribution, etc. | 1970 |
| 300 ## - PHYSICAL DESCRIPTION | |
| Extent | 105:p |
| 505 ## - FORMATTED CONTENTS NOTE | |
| Formatted contents note | Measuring Line Segments (Page-1), Measuring Curves (Page-5) Measuring Area (Page-6) Perimeter and Area of Polygons (Page-6) Rays Angles and Triangles (Page-8), Map and Scale Drawing (Page-9) Liquid Measure (Page-11) Dry Measure (Page-11) Weight (Page-12), Time (Page-13), Temperature (Page-13), Speed (Page-14), Money (Page-16). |
| 650 ## - SUBJECT ADDED ENTRY--TOPICAL TERM | |
| Topical term or geographic name entry element | Learning About Measurement |
| 9 (RLIN) | 113553 |
| 942 ## - ADDED ENTRY ELEMENTS (KOHA) | |
| Source of classification or shelving scheme | |
| Koha item type | Book Bank |
| Withdrawn status | Lost status | Source of classification or shelving scheme | Damaged status | Not for loan | Permanent Location | Current Location | Shelving location | Date acquired | Full call number | Barcode | Date last seen | Price effective from | Koha item type | Public note |
|---|---|---|---|---|---|---|---|---|---|---|---|---|---|---|
| Military College of Signals (MCS) | Military College of Signals (MCS) | General Stacks | 12/12/2016 | 530.16,HOR | MCS5952 | 12/08/2016 | 12/12/2016 | Book | Almirah No.77, Shelf No.3 | |||||
| Military College of Signals (MCS) | Military College of Signals (MCS) | General Stacks | 12/12/2016 | 530.16,HOR | MCS5973 | 12/08/2016 | 12/12/2016 | Book | Almirah No.77, Shelf No.3 |
